000 00622nam a2200277Ia 4500
005 20260324135555.0
008 008 260324s9999 xx 000 0 eng d
020 _a9781315011394
037 _aEBOOK
040 _aCRL
040 _beng
040 _cCRL
041 _2eng
041 _aeng
084 _qCRL
100 _aArthur Gibson
_91193699
245 0 _aGod and the Universe
260 _bTaylor and Francis
260 _c2000
365 _a
365 _b160
856 _uhttp://www.taylorfrancis.com/books/9781315011394
942 _cEBOOK
999 _c1802329
_d1802329